[Event "RB-2020-0-00390"]
[Site "LSS email"]
[Date "2020.03.24"]
[Round "?"]
[White "Morin, Stephane"]
[Black "Ilyin, Igor"]
[Result "0-1"]
[WhiteElo "1816"]
[BlackElo "1953"]
[PlyCount "88"]
[EventDate "2020.01.27"]
[EventType "tourn (corr)"]
[EventRounds "6"]
[EventCountry "GER"]
[SourceTitle "Corr 2022"]
[Source "ChessBase"]
[SourceDate "2021.10.24"]
[SourceVersion "1"]
[SourceVersionDate "2021.10.24"]
[SourceQuality "1"]

1. e4 c5 2. Nf3 d6 3. d4 cxd4 4. Nxd4 Nf6 5. Nc3 a6 6. Be3 e5 7. Nb3 Be6 8. f3 Nbd7 9. Qd2 b5 10. 0-0-0 Be7 11. g4 b4 12. Nd5 Bxd5 13. exd5 Nb6 14. Na5 Nbxd5 15. Nc4 Nxe3 16. Nxe3 0-0 17. Bc4 Nd7 18. h4 a5 19. g5 Nb6 20. Bd5 Rb8 21. Kb1 a4 22. Rhg1 Kh8 23. Rg4 f6 24. gxf6 Bxf6 25. Rxb4 Nxd5 26. Nxd5 Bxh4 27. Rh1 g5 28. Rxa4 Rxf3 29. b3 Qf8 30. Ne3 Qe7 31. Rc4 Rbf8 32. a4 Bf2 33. Nd5 Qg7 34. Rc7 R3f7 35. Rf1 g4 36. Rxf7 Qxf7 37. Ne3 Bxe3 38. Rxf7 Bxd2 39. Rxf8+ Kg7 40. Rf2 Bc3 41. Kc1 h5 42. Kd1 h4 43. Ke2 h3 44. Rf1 Kg6 0-1

[Event "RB-2020-0-00390"]
[Site "LSS email"]
[Date "2020.03.23"]
[Round "?"]
[White "Granara Barreto, Sebastian"]
[Black "Morin, Stephane"]
[Result "1-0"]
[WhiteElo "1892"]
[BlackElo "1816"]
[PlyCount "57"]
[EventDate "2020.01.27"]
[EventType "tourn (corr)"]
[EventRounds "6"]
[EventCountry "GER"]
[SourceTitle "Corr 2022"]
[Source "ChessBase"]
[SourceDate "2021.10.24"]
[SourceVersion "1"]
[SourceVersionDate "2021.10.24"]
[SourceQuality "1"]

1. e4 Nc6 2. d4 d5 3. e5 Bf5 4. c3 f6 5. f4 Qd7 6. Nf3 Nh6 7. Be2 e6 8. 0-0 Be7 9. Kh1 Bg6 10. b4 0-0 11. Nbd2 a5 12. b5 Na7 13. a4 Nc8 14. Ra2 Nb6 15. exf6 gxf6 16. Nh4 Kg7 17. g4 Bd6 18. f5 exf5 19. Nb3 Nxg4 20. Nc5 Bxc5 21. dxc5 Nc8 22. Nxf5+ Bxf5 23. Rxf5 Qxf5 24. Bxg4 Qe4+ 25. Bf3 Qe8 26. Re2 Ne7 27. c6 bxc6 28. Ba3 Rf7 29. Bh5 1-0

[Event "RB-2020-0-00390"]
[Site "LSS email"]
[Date "2020.03.23"]
[Round "?"]
[White "Morin, Stephane"]
[Black "Wittal, Werner"]
[Result "0-1"]
[WhiteElo "1816"]
[BlackElo "1907"]
[PlyCount "104"]
[EventDate "2020.01.27"]
[EventType "tourn (corr)"]
[EventRounds "6"]
[EventCountry "GER"]
[SourceTitle "Corr 2022"]
[Source "ChessBase"]
[SourceDate "2021.10.24"]
[SourceVersion "1"]
[SourceVersionDate "2021.10.24"]
[SourceQuality "1"]

1. e4 e5 2. f4 exf4 3. Nf3 Nf6 4. e5 Nh5 5. Be2 g5 6. 0-0 Ng7 7. d4 h6 8. g3 d5 9. exd6 Bxd6 10. gxf4 Nf5 11. Bc4 Nc6 12. Nc3 g4 13. Ne5 Bxe5 14. dxe5 Be6 15. Qxd8+ Rxd8 16. Bd3 Kd7 17. Nd5 h5 18. Ne3 Nce7 19. Kf2 Kc8 20. b3 Rd7 21. Bd2 Rhd8 22. Rad1 Nxe3 23. Bxe3 Bf5 24. Be2 Bxc2 25. Rxd7 Kxd7 26. Rc1 Bg6 27. h3 gxh3 28. Rh1 Rh8 29. Rxh3 h4 30. Rh1 Ke6 31. Rd1 Be4 32. Bg4+ Nf5 33. Bh3 Rg8 34. Rg1 Rxg1 35. Kxg1 b6 36. Bf2 Bb1 37. a3 Kd5 38. Bg4 c5 39. Bf3+ Be4 40. Bh5 Ke6 41. Bg4 Bc2 42. b4 c4 43. Bxh4 Kd5 44. Bf6 Nd4 45. Kf2 Bf5 46. Bf3+ Ke6 47. Bb7 c3 48. Bc8+ Kd5 49. Bxf5 Nxf5 50. e6 fxe6 51. Bxc3 Ke4 52. Bd2 b5 0-1

[Event "OP-2019-0-04900"]
[Site "LSS email"]
[Date "2019.12.26"]
[Round "?"]
[White "Morin, Stephane"]
[Black "Verich, Oleg"]
[Result "1-0"]
[WhiteElo "1839"]
[BlackElo "1065"]
[PlyCount "29"]
[EventDate "2019.12.18"]
[EventType "tourn (corr)"]
[EventRounds "4"]
[EventCountry "GER"]
[SourceTitle "Corr 2022"]
[Source "ChessBase"]
[SourceDate "2021.10.24"]
[SourceVersion "1"]
[SourceVersionDate "2021.10.24"]
[SourceQuality "1"]

1. e4 e5 2. f4 exf4 3. Bc4 Qh4+ 4. Kf1 d6 5. Nc3 c6 6. d4 g5 7. Nf3 Qh6 8. h4 g4 9. Ng5 Be6 10. d5 cxd5 11. Nxd5 Kd7 12. Nxe6 fxe6 13. Nxf4 e5 14. Qxg4+ Kc6 15. Qc8+ 1-0

[Event "OP-2019-0-04900"]
[Site "LSS email"]
[Date "2019.12.26"]
[Round "?"]
[White "Pech, Jaroslav Sr"]
[Black "Morin, Stephane"]
[Result "1-0"]
[WhiteElo "1853"]
[BlackElo "1839"]
[PlyCount "37"]
[EventDate "2019.12.18"]
[EventType "tourn (corr)"]
[EventRounds "4"]
[EventCountry "GER"]
[SourceTitle "Corr 2022"]
[Source "ChessBase"]
[SourceDate "2021.10.24"]
[SourceVersion "1"]
[SourceVersionDate "2021.10.24"]
[SourceQuality "1"]

1. e4 Nc6 2. d4 d5 3. e5 Bf5 4. c3 e6 5. Ne2 f6 6. f4 h5 7. Ng3 Bxb1 8. Rxb1 h4 9. Ne2 Qd7 10. b4 a6 11. Ng1 g5 12. b5 axb5 13. Bxb5 gxf4 14. Bxf4 Rxa2 15. Ne2 h3 16. g3 f5 17. 0-0 Nh6 18. Ra1 Nf7 19. Rxa2 1-0

[Event "IECC CL1-2019.02 email"]
[Site "IECC email"]
[Date "2019.11.12"]
[Round "?"]
[White "Blittkowsky, Ralf"]
[Black "Morin, Stephane"]
[Result "1-0"]
[WhiteElo "2167"]
[BlackElo "2248"]
[PlyCount "79"]
[EventDate "2019.??.??"]
[EventType "tourn (corr)"]
[EventRounds "4"]
[SourceTitle "Corr 2024"]
[Source "ChessBase"]
[SourceDate "2023.10.19"]
[SourceVersion "1"]
[SourceVersionDate "2023.10.19"]
[SourceQuality "1"]
[WhiteTeam "Deutschland"]
[BlackTeam "Frankreich"]
[WhiteTeamCountry "GER"]
[BlackTeamCountry "FRA"]

1. e4 Nc6 2. d4 d5 3. Nc3 Nf6 4. e5 Nd7 5. Nce2 Nb6 6. Ng3 g6 7. c3 Be6 8. a4 a5 9. Bb5 Bg7 10. f4 h5 11. h3 h4 12. Nf1 Bf5 13. Nf3 Be4 14. N1d2 Bxf3 15. Nxf3 e6 16. Qe2 Nd7 17. Qf2 Kf8 18. Bd2 Kg8 19. Bd3 Bf8 20. 0-0-0 Rh5 21. Rhg1 Be7 22. g3 hxg3 23. Rxg3 Nf8 24. Rdg1 Qd7 25. Qg2 Qe8 26. Nh2 Bh4 27. Rg4 Nd8 28. Qf3 Rh7 29. f5 exf5 30. Bxf5 Qxa4 31. Qxd5 Ra6 32. Kb1 Be7 33. Qf3 Rb6 34. Bc1 Qe8 35. Nf1 a4 36. Ne3 c6 37. Bc2 Nde6 38. h4 a3 39. b3 Ng7 40. Rf1 1-0

[Event "IECC CL1-2019.02 email"]
[Site "IECC email"]
[Date "2019.11.12"]
[Round "?"]
[White "Laudati, Lelio"]
[Black "Morin, Stephane"]
[Result "1/2-1/2"]
[WhiteElo "2140"]
[BlackElo "2234"]
[PlyCount "111"]
[EventDate "2019.??.??"]
[EventType "tourn (corr)"]
[EventRounds "4"]
[SourceTitle "Corr 2024"]
[Source "ChessBase"]
[SourceDate "2023.10.19"]
[SourceVersion "1"]
[SourceVersionDate "2023.10.19"]
[SourceQuality "1"]
[WhiteTeam "Italien"]
[BlackTeam "Frankreich"]
[WhiteTeamCountry "ITA"]
[BlackTeamCountry "FRA"]

1. d4 Nf6 2. Bf4 c5 3. e3 Nd5 4. Bg3 Qb6 5. b3 cxd4 6. exd4 g6 7. Nf3 Bg7 8. Be2 0-0 9. 0-0 Nc6 10. c3 d6 11. Re1 Qd8 12. Bc4 Nf6 13. d5 Nb8 14. a4 Na6 15. Bxa6 bxa6 16. Ra2 e5 17. dxe6 Bxe6 18. Nd4 Bd5 19. f3 Nh5 20. Bf2 Bb7 21. c4 Qc7 22. Nc3 Rfe8 23. Rae2 Re5 24. Qd2 Rae8 25. Nc2 Rxe2 26. Rxe2 Rxe2 27. Nxe2 d5 28. Ne3 dxc4 29. Nxc4 Bf8 30. Qe3 Ng7 31. Qxa7 Ne6 32. Qb6 Qd7 33. Ng3 f5 34. Nf1 Qc6 35. Qe3 Qd5 36. Nfd2 Nc5 37. Qc3 Bg7 38. Qa5 Nd3 39. Qc7 Bf8 40. Be3 Qf7 41. Qd8 Qd5 42. Qb8 Qd7 43. h3 Qc8 44. Qa7 Nf4 45. Kf2 Nd5 46. Nb6 Qe6 47. Nxd5 Bxd5 48. a5 Qf6 49. Bd4 Qe6 50. Qb6 Qxb6 51. axb6 Kf7 52. Ke3 Ke6 53. Nc4 Bb4 54. h4 Be1 55. h5 gxh5 56. Nb2 1/2-1/2